Fuerzas armadas y constitución ¿De qué se trata?

Guardat en:
Dades bibliogràfiques
Autor corporatiu: Academia Nacional de Estudios Políticos y Estratégicos (autor)
Format: Llibre
Idioma:anglès
Publicat: Santiago, Chile: Academia Nacional de Estudios Políticos y Estratégicos (ANEPE), 2021.
Col·lecció:Colección de Investigaciones.
Matèries:
Etiquetes: Afegir etiqueta
Sense etiquetes, Sigues el primer a etiquetar aquest registre!

MARC

LEADER 00000nam a22000007a 4500
003 CL-VaPUC
005 20250423160735.0
008 230912t2021 ||||| |||| 00| 0 eng d
999 |c 441773  |d 441771 
020 |a 978-956-8478-00-1 
040 |c Pontificia Universidad Católica de Valparaíso 
082 |2 22  |a 342.83 ACA 2021 
110 |9 503733  |a Academia Nacional de Estudios Políticos y Estratégicos  |e autor 
245 |a Fuerzas armadas y constitución ¿De qué se trata? 
250 |b Edición especial.  
260 |a Santiago, Chile:   |b Academia Nacional de Estudios Políticos y Estratégicos (ANEPE),   |c 2021. 
300 |a 137 páginas.  
490 |a Colección de Investigaciones. 
500 |a c.1 Donación Rectoría 2022. 
583 |c 20230912  |k Yessy Sthefany Diaz Vidal 
650 0 |9 255504  |a Fuerzas Armadas  |x Defensa y seguridad nacional   |x Constitución chilena  
650 0 |a Constitución política de Chile  |x Fuerzas Armadas  |x Participación y rol   |9 890575 
942 |2 ddc  |c BK 
952 |0 0  |1 0  |2 ddc  |4 0  |6 342_830000000000000_ACA_2021  |7 0  |8 A  |9 591504  |a BIBDER  |b BIBDER  |d 2023-09-12  |e Donación  |i 5658606  |o 342.83 ACA 2021  |p 5658606  |r 2023-09-12  |t 1  |w 2023-09-12  |y BK  |k DER